000 00947cam a2200133 4500500
005 20260405085445.0
041 _afre
042 _adc
100 1 0 _aClavé, Yannick
_eauthor
245 0 0 _aEpreuves d'histoire - Concours Sciences Po et IEP : Concours Sciences Po et IEP
260 _bArmand Colin,
_c2016.
520 _aCet ouvrage prépare à l’épreuve d’histoire qui est présente au concours de Sciences Po Paris et au concours commun des IEP.Cet ouvrage propose :une présentation du concours et du programmeune méthodologie détaillée pour la dissertationun cours complet très structuré (objectifs, exemples, zoom, définitions, auteurs-clés, synthèse de fin de chapitre)des sujets corrigésdes outils de travail (Tableau chronologique,  Notices biographiques, Lexique, Citations)
856 4 1 _uhttps://shs.cairn.info/epreuves-d-histoire-concours-sciences-po-et-iep--9782200614447?lang=fr&redirect-ssocas=7080
999 _c2197742
_d2197742